| 000 | 01316nam a22003497a 4500 | ||
|---|---|---|---|
| 003 | CHAP | ||
| 005 | 20220329143234.0 | ||
| 008 | 070620d2003 uk r 00110 eng d | ||
| 010 | _a93772 | ||
| 011 | _a94744 | ||
| 035 | _a105341 | ||
| 040 | _cCHAP | ||
| 090 | _aTesis | ||
| 100 | 0 | 0 |
_aCamacho Villa, Tania Carolina. _917716 |
| 245 | 1 | 2 |
_aA survey of land races currently cultivated in the United Kingdom of Great Britain and northern ireland _c/by Tania Carolina Camacho Villa |
| 260 |
_aBirminghan, UK : _bEl autor, _c2003. |
||
| 300 | _a134 h. | ||
| 502 | _aTesis (Degree of Master of Science in Conservation and Utilisation of Plant Genetic Resources) - - University of Birminghan. School of Biological Sciences | ||
| 590 |
_aALEPH _b10 _c20130110 _lUCH01 _h1518 |
||
| 590 |
_aBATCH-UPD _b10 _c20130110 _lUCH01 _h0036 |
||
| 590 |
_aBATCH-UPD _b10 _c20130110 _lUCH01 _h1951 |
||
| 590 |
_aBATCH-UPD _b10 _c20130409 _lUCH01 _h2020 |
||
| 590 |
_aBATCH-UPD _b10 _c20130410 _lUCH01 _h1312 |
||
| 590 |
_aBATCH-UPD _b10 _c20130913 _lUCH01 _h2131 |
||
| 590 |
_aCONVERSION _b10 _c20130109 _lUCH01 _h1352 |
||
| 650 | 1 | 4 |
_aAgricultura _zGran Bretaña. _91926 |
| 650 | 1 | 4 |
_aCultivos _xGran Bretaña. _930277 |
| 901 | _aBK | ||
| 905 | _aLilia | ||
| 942 | _cTESIS | ||
| 949 |
_aTesis _bBC _cTES _d33724002022900 _eTS1 _h46957 _i105341 _sb |
||
| 999 |
_c93772 _d93772 |
||